| 000 | 01072nam a2200193 i 4500 | ||
|---|---|---|---|
| 001 | 150731 | ||
| 003 | ES-MaACL | ||
| 007 | t| | ||
| 008 | 071107s1949 cu ||||1| spa d | ||
| 100 | 1 |
_aCampo de la Fuente, Antonio de. _934209 |
|
| 245 | 1 | 0 |
_aIndices de las publicaciones de Real Academia Gallega, Universidad Compostelana, Instituto "Padre Sarmiento" de Estudios Gallegos, Comisión de numentos de Orense, Comisión Arqueológica de Orense, el Museo de Pontevedra / _crecopilados por Antonio de Campo de la Fuente. |
| 260 |
_aLa Habana : _b[s.n., _c1949] ( _fImp. Pérez Sierra) |
||
| 300 |
_a234 p. ; _c26 cm. |
||
| 500 | _aPrecede al tít.: Exposición Cultural Gallega. Asociación Iniciadora y Protectora de la Real Academia Gallega. Salones del Centro Gallego de La Habana, enero de 1949. | ||
| 610 | 2 | 7 |
_aReal Academia Gallega- _xPublicaciones- _vCatálogos. _96342 |
| 710 | 2 |
_aAsociación Iniciadora y Protectora de la Real Academia Gallega. _91723 |
|
| 711 | 2 |
_aExposición Cultural Gallega ( _d1949. _cLa Habana) _9666 |
|
| 852 |
_aES-MaACL _jB-8736 _bR.26863 |
||
| 999 |
_c150731 _d150731 |
||